| 000 | 00672nam a2200253Ia 4500 | ||
|---|---|---|---|
| 003 | OSt | ||
| 005 | 20220918220640.0 | ||
| 006 | a|||||r|||| 00| 0 | ||
| 007 | ta | ||
| 008 | 220917b |||||||| |||| 00| 0 eng d | ||
| 024 | _a146,625 | ||
| 037 | _cTextual | ||
| 040 |
_aARTS _cARTS _beng |
||
| 041 |
_2eng _aeng |
||
| 082 | _aY49:1.5, 113L9 | ||
| 100 |
_aRitter Gerhard A _9111616 |
||
| 245 | 0 | _aArbeiterkultur | |
| 260 |
_aAthenaum _bVerlagsgruppe _c1979 |
||
| 300 |
_a291p. _ccm. |
||
| 490 | _aNeue wissenscharft bibliothek; 104 | ||
| 650 | _aSOCIOLOGY | ||
| 942 |
_hY49:1.5, 113L9 _cTEXL _2CC |
||
| 999 |
_c269381 _d269381 |
||